|
|
|
|
| LEADER |
00978nam a22002772a 4500 |
| 001 |
001748336 |
| 003 |
CZ BrMZK |
| 005 |
20200513092818.0 |
| 007 |
ta |
| 008 |
200513s1982 xr af er|||||||||||cze d |
| 040 |
|
|
|a PNA001
|b cze
|
| 080 |
|
|
|a 796/799
|2 MRF
|
| 080 |
|
|
|a 796.6
|2 MRF
|
| 080 |
|
|
|a (084.11)
|2 MRF
|
| 100 |
1 |
|
|a Šimek, Jan,
|d 1922-1978
|7 jk01130020
|4 aut
|
| 245 |
1 |
0 |
|a Jubilejní 35. závod míru /
|c Jan Šimek, Ladislav Sosenka, Václav Jirkovský
|
| 260 |
|
|
|a Praha :
|b Svoboda,
|c 1982
|
| 300 |
|
|
|a [10] volných listů
|
| 611 |
2 |
7 |
|a Závod míru (cyklistický závod)
|7 kn20050601014
|2 czenas
|
| 653 |
0 |
|
|a sport
|a cyklistika
|a cyklistické závody
|a silniční cyklistika
|a závody
|
| 700 |
1 |
|
|a Sosenka, Ladislav
|7 jx20090814037
|4 aut
|
| 700 |
1 |
|
|a Jirkovský, Václav,
|d 1914-2002
|7 mzk2010594715
|4 aut
|
| 910 |
|
|
|a BOA001
|b 5-0847.661
|
| 990 |
|
|
|a BK
|
| 991 |
|
|
|b 202005
|
| 996 |
6 |
|
|b BC-2091519
|c 5-0847.661
|l MZK
|r DEP / do 15 dnů
|n 0
|w 001800745
|u 000010
|a 240
|e BOA001
|j MZK50
|s P
|